[Event "29th Czech Open A 2018"]
[Site "Pardubice CZE"]
[Date "2018.07.20"]
[Round "1.49"]
[White "Jansa, Vlastimil"]
[Black "Sbarra, Marco"]
[Result "1-0"]
[WhiteTitle "GM"]
[BlackTitle "FM"]
[WhiteElo "2451"]
[BlackElo "2205"]
[WhiteFideId "300128"]
[BlackFideId "804401"]
[EventDate "2018.07.20"]

1. e4 e5 2. Nf3 Nc6 3. Bb5 a6 4. Ba4 Nf6 5. O-O Be7 6. Re1 b5 7. Bb3 d6 8. c3
O-O 9. h3 Na5 10. Bc2 c5 11. d4 Qc7 12. Nbd2 Nc6 13. d5 Nd8 14. a4 Rb8 15. b4
Bd7 16. Nf1 Ne8 17. g4 f6 18. Ng3 g6 19. Be3 Nf7 20. Nd2 Ng7 21. Kg2 Rfc8 22.
bxc5 dxc5 23. c4 b4 24. a5 Nd6 25. Ba4 Bxa4 26. Qxa4 b3 27. Nxb3 Rb4 28. Qa2
Nxc4 29. Nd2 Nxe3+ 30. Rxe3 c4 31. Rc3 Ne8 32. Rac1 Nd6 33. Ngf1 Qc5 34. Ne3 Qd4
35. Qc2 Bf8 36. Nexc4 Nxc4 37. Nxc4 Bh6 38. Nd6 Rxc3 39. Qxc3 Qxc3 40. Rxc3 Ra4
41. Rc8+ Bf8 42. Nc4 1-0

[Event "29th Czech Open A 2018"]
[Site "Pardubice CZE"]
[Date "2018.07.20"]
[Round "1.50"]
[White "Jazdanovs, Aleksandrs"]
[Black "Kozak, Adam"]
[Result "0-1"]
[BlackTitle "IM"]
[WhiteElo "2205"]
[BlackElo "2446"]
[WhiteFideId "11604492"]
[BlackFideId "753246"]
[EventDate "2018.07.20"]

1. e4 c5 2. Nf3 d6 3. d4 cxd4 4. Nxd4 Nf6 5. Nc3 a6 6. Be3 e5 7. Nb3 Be6 8. f3
h5 9. Nd5 Bxd5 10. exd5 Nbd7 11. Qd2 g6 12. Be2 Ng8 13. O-O Bh6 14. c4 Bxe3+ 15.
Qxe3 Ne7 16. Bd3 O-O 17. f4 exf4 18. Qxf4 Ne5 19. Be4 Nxc4 20. Bxg6 fxg6 21.
Qxc4 Nf5 22. Qb4 Qg5 23. Rf3 Rae8 24. Raf1 Re2 25. R1f2 Rfe8 26. Rxe2 Rxe2 27.
g3 Qe7 28. Qc3 Qe4 29. Qd3 Qxd3 30. Rxd3 Rxb2 0-1

[Event "29th Czech Open A 2018"]
[Site "Pardubice CZE"]
[Date "2018.07.20"]
[Round "1.51"]
[White "Haba, Petr"]
[Black "Geller, Anastasiya"]
[Result "1-0"]
[WhiteTitle "GM"]
[BlackTitle "WFM"]
[WhiteElo "2445"]
[BlackElo "2203"]
[WhiteFideId "300160"]
[BlackFideId "24119059"]
[EventDate "2018.07.20"]

1. d4 d5 2. c4 e6 3. Nf3 c6 4. Nbd2 Nf6 5. g3 Be7 6. Bg2 O-O 7. O-O b6 8. Qc2
Bb7 9. e4 dxe4 10. Nxe4 c5 11. Nxf6+ Bxf6 12. Ng5 Bxg5 13. Bxb7 Bxc1 14. Raxc1
Nd7 15. Bxa8 Qxa8 16. Qc3 Nf6 17. Rfd1 h6 18. Qe3 Rc8 19. b3 Qc6 20. dxc5 bxc5
21. Rd3 Ne4 22. Rcd1 f5 23. h4 Qe8 24. Qf4 Kh8 25. Qe5 Kh7 26. Rd7 Qg6 27. Rxa7
Nf6 28. Re7 Rc6 29. Rxe6 Rxe6 30. Qxe6 Qg4 31. Re1 Qf3 32. Re5 1-0

[Event "29th Czech Open A 2018"]
[Site "Pardubice CZE"]
[Date "2018.07.20"]
[Round "1.52"]
[White "Baskakov, Egor"]
[Black "Kraus, Tomas"]
[Result "1-0"]
[BlackTitle "IM"]
[WhiteElo "2203"]
[BlackElo "2442"]
[WhiteFideId "24197866"]
[BlackFideId "331708"]
[EventDate "2018.07.20"]

1. e4 d6 2. f4 e5 3. d3 Nc6 4. Nf3 g6 5. Nc3 Bg7 6. g3 Nge7 7. Bg2 h6 8. Be3 Nd4
9. O-O Bg4 10. Qd2 Qd7 11. Qf2 Bxf3 12. Bxf3 O-O-O 13. f5 c5 14. Bg2 f6 15. fxg6
Rdf8 16. Bxd4 exd4 17. Nd5 Nxg6 18. b4 Ne5 19. Rab1 h5 20. bxc5 dxc5 21. c3 Nc6
22. cxd4 f5 23. e5 cxd4 24. Rfc1 Bxe5 25. Nb4 Rh6 26. Qc2 Rff6 27. Qc5 Bb8 28.
Bxc6 bxc6 29. Na6 Bd6 30. Qxd4 Rf7 31. Qb2 Kd8 32. Nb8 Bxb8 33. Qxb8+ Qc8 34.
Qf4 Qe6 35. Rb8+ Ke7 36. Rcb1 Rhh7 37. Qd4 Qd5 38. Re1+ Kd6 39. Qf4+ Kd7 40.
Rb7+ 1-0

[Event "29th Czech Open A 2018"]
[Site "Pardubice CZE"]
[Date "2018.07.20"]
[Round "1.53"]
[White "Lodici, Lorenzo"]
[Black "Stetsko, Lanita"]
[Result "1-0"]
[WhiteTitle "IM"]
[BlackTitle "FM"]
[WhiteElo "2441"]
[BlackElo "2200"]
[WhiteFideId "884189"]
[BlackFideId "13505300"]
[EventDate "2018.07.20"]

1. d4 Nf6 2. c4 e6 3. Nc3 Bb4 4. e3 O-O 5. Bd3 c5 6. Nf3 d5 7. cxd5 exd5 8. dxc5
Bxc5 9. O-O Nc6 10. h3 Be6 11. b3 a6 12. Bb2 Ba7 13. Ne2 Ne4 14. Ned4 Nxd4 15.
Bxd4 Bxd4 16. Nxd4 Qe7 17. Rc1 Rac8 18. Qh5 Qf6 19. Qe2 Nc3 20. Qb2 Ne4 21. Rfe1
Rfe8 22. f3 Nd6 23. Rxc8 Bxc8 24. Qc2 g6 25. Qc5 Bf5 26. Bf1 Bd7 27. b4 Nf5 28.
Qxd5 Nxd4 29. Qxd7 Qe5 30. f4 Qe4 31. Bd3 1-0

[Event "29th Czech Open A 2018"]
[Site "Pardubice CZE"]
[Date "2018.07.20"]
[Round "1.54"]
[White "Zlatin, Alexander"]
[Black "Neuman, Petr"]
[Result "0-1"]
[BlackTitle "GM"]
[WhiteElo "2200"]
[BlackElo "2440"]
[WhiteFideId "2810549"]
[BlackFideId "305243"]
[EventDate "2018.07.20"]

1. e4 d6 2. d4 Nf6 3. Nc3 e5 4. d5 Be7 5. Be2 c6 6. Nf3 O-O 7. dxc6 bxc6 8. O-O
Nbd7 9. Bg5 h6 10. Bxf6 Nxf6 11. b4 d5 12. Nxe5 Qc7 13. Nxc6 Qxc6 14. Nxd5 Nxd5
15. exd5 Qc3 16. Bd3 Qxb4 17. c4 Qd6 18. Qf3 Bd7 19. Rac1 Rac8 20. Rfe1 Bf6 21.
g3 Qc5 22. Rb1 Rfe8 23. h4 Qd4 24. Rxe8+ Rxe8 25. Bf1 Qc5 26. Rb7 Qc8 27. Qb3
Bd4 28. d6 Bb6 29. Bg2 Qc5 30. Qf3 Qxd6 31. Bh3 Be6 32. Bxe6 Qxe6 33. Qf4 Qe1+
34. Kg2 Qe4+ 35. Qxe4 Rxe4 36. Rb8+ Kh7 37. Rc8 Re5 38. f4 Rc5 39. Rxc5 Bxc5 40.
f5 g6 41. g4 gxf5 42. gxf5 Kg7 43. Kf3 Kf6 44. Ke4 h5 45. Kf4 Bf2 46. c5 Bxc5 0-1

[Event "29th Czech Open A 2018"]
[Site "Pardubice CZE"]
[Date "2018.07.20"]
[Round "1.55"]
[White "Haria, Ravi"]
[Black "Ralis, Petr"]
[Result "1-0"]
[WhiteTitle "IM"]
[WhiteElo "2440"]
[BlackElo "2199"]
[WhiteFideId "415820"]
[BlackFideId "300870"]
[EventDate "2018.07.20"]

1. Nf3 Nf6 2. g3 g6 3. Bg2 Bg7 4. d4 O-O 5. c4 d6 6. Nc3 c6 7. O-O Qa5 8. e4 e5
9. d5 cxd5 10. cxd5 b5 11. Re1 b4 12. Nb1 Ba6 13. Nbd2 Qb6 14. h3 Nbd7 15. Nb3
Rfc8 16. Be3 Qd8 17. Nfd2 Bd3 18. a3 a5 19. axb4 axb4 20. Rxa8 Rxa8 21. Nc1 Bb5
22. Bf1 Bxf1 23. Kxf1 Qc8 24. Kg2 Nc5 25. Bxc5 Qxc5 26. Nd3 Qd4 27. Qc2 Bh6 28.
Nb3 Qb6 29. Qc6 Qb8 30. Nxe5 Ne8 31. Nd3 Ra2 32. e5 dxe5 33. Nxe5 Qd8 34. Ng4 1-0

[Event "29th Czech Open A 2018"]
[Site "Pardubice CZE"]
[Date "2018.07.20"]
[Round "1.56"]
[White "Suta, Andraz"]
[Black "Das, Arghyadip"]
[Result "0-1"]
[BlackTitle "IM"]
[WhiteElo "2197"]
[BlackElo "2436"]
[WhiteFideId "14613190"]
[BlackFideId "5003610"]
[EventDate "2018.07.20"]

1. e4 c5 2. Nf3 e6 3. d4 cxd4 4. Nxd4 a6 5. Bd3 Qb6 6. Ne2 Nf6 7. O-O Bc5 8. h3
d6 9. Nd2 Qc7 10. b3 Nbd7 11. Bb2 b5 12. a4 b4 13. c4 Bb7 14. Bc2 g5 15. Nc1 Rg8
16. Qf3 g4 17. hxg4 Nxg4 18. Nd3 Nde5 19. Nxe5 dxe5 20. Qh3 O-O-O 21. Nf3 Rg6
22. Nh2 Nxf2 23. Rxf2 Rd2 24. Kh1 Rxf2 25. Rc1 Qd7 26. Ng4 Rxc2 27. Nxe5 Rxc1+
28. Bxc1 Qd1+ 29. Kh2 Qg1# 0-1

[Event "29th Czech Open A 2018"]
[Site "Pardubice CZE"]
[Date "2018.07.20"]
[Round "1.58"]
[White "ter Stal, Rainer"]
[Black "Tomczak, Mikolaj"]
[Result "1/2-1/2"]
[WhiteTitle "CM"]
[BlackTitle "FM"]
[WhiteElo "2194"]
[BlackElo "2432"]
[WhiteFideId "12993603"]
[BlackFideId "1175114"]
[EventDate "2018.07.20"]

1. d4 Nf6 2. c4 e6 3. g3 d5 4. Bg2 dxc4 5. Nf3 Nc6 6. Qa4 Bb4+ 7. Bd2 Nd5 8.
Bxb4 Nxb4 9. O-O Bd7 10. Ne5 O-O 11. Nxc6 Nxc6 12. Qxc4 e5 13. dxe5 Nxe5 14. Qf4
Qe7 15. Nc3 c6 16. Rfd1 f6 17. Rd2 Be6 18. b3 a5 19. Rad1 Qb4 20. Qxb4 axb4 21.
Na4 Ra5 22. h3 Bf7 23. Nb6 Rb5 24. Nd7 Re8 25. Nxe5 Rbxe5 26. e3 Rb8 27. Rd4 c5
28. Rd7 b6 29. Rc7 Be8 30. Bc6 Bxc6 31. Rxc6 Re7 32. Rdd6 Ra7 33. Rd2 Kf7 34.
Kg2 Ke7 35. Rcd6 Rbb7 36. R6d5 Ra6 37. Rc2 Rba7 38. Rdd2 Rd7 39. Kf3 Rxd2 40.
Rxd2 Ke6 41. e4 f5 42. exf5+ Kxf5 43. Ke3 Ke6 44. Ke4 b5 45. f4 Rd6 46. f5+ Kd7
47. Rc2 Kc6 48. g4 Rd5 49. Rf2 c4 50. g5 Rd8 1/2-1/2

[Event "29th Czech Open A 2018"]
[Site "Pardubice CZE"]
[Date "2018.07.20"]
[Round "1.59"]
[White "Malakhov, Igor"]
[Black "Hrdina, Robin"]
[Result "1-0"]
[WhiteTitle "IM"]
[WhiteElo "2431"]
[BlackElo "2193"]
[WhiteFideId "4183088"]
[BlackFideId "339342"]
[EventDate "2018.07.20"]

1. e4 c5 2. Nf3 e6 3. d4 cxd4 4. Nxd4 a6 5. Nc3 Qc7 6. Bd3 Nf6 7. O-O Nc6 8.
Nxc6 bxc6 9. Qe2 d6 10. f4 e5 11. Kh1 Be7 12. fxe5 dxe5 13. Bc4 O-O 14. Bg5 Ng4
15. Bd2 Nf6 16. h3 a5 17. Rf3 Qd6 18. Rd3 Qb8 19. Rf1 Ba6 20. Bxa6 Rxa6 21. Rg3
Qc8 22. Bg5 Kh8 23. Bxf6 Bxf6 24. Na4 Ra7 25. Qc4 Qa6 26. Qxa6 Rxa6 27. Rd1 h6
28. Rb3 Raa8 29. Nb6 Rfd8 30. Rbd3 Rxd3 31. Rxd3 Rb8 32. Nc4 a4 33. Rd6 c5 34.
Rd5 Rb5 35. b3 Kg8 36. Kg1 Be7 37. Rxe5 Kf8 38. Kf1 Rb7 39. Ke2 Ra7 40. a3 axb3
41. cxb3 Rb7 42. Na5 Rb5 43. b4 Rb6 44. Nc4 Rg6 45. bxc5 Rxg2+ 46. Kd3 Rg3+ 47.
Kd4 Bf6 48. c6 Bxe5+ 49. Nxe5 f6 50. c7 fxe5+ 51. Kc4 1-0

[Event "29th Czech Open A 2018"]
[Site "Pardubice CZE"]
[Date "2018.07.20"]
[Round "1.60"]
[White "Soural, Jan"]
[Black "Bakalchuk, Johnatan"]
[Result "0-1"]
[BlackTitle "IM"]
[WhiteElo "2192"]
[BlackElo "2429"]
[WhiteFideId "311928"]
[BlackFideId "2810301"]
[EventDate "2018.07.20"]

1. d4 Nf6 2. c4 g6 3. Nc3 Bg7 4. e4 d6 5. Nf3 O-O 6. Be2 Na6 7. O-O e5 8. d5 Nc5
9. Qc2 a5 10. Bg5 h6 11. Be3 b6 12. Nd2 Bg4 13. Rae1 Bxe2 14. Rxe2 Ng4 15. Bxc5
bxc5 16. Nb5 h5 17. f3 Nf6 18. Re3 h4 19. Ra3 Nh5 20. Nb3 Bh6 21. Re1 a4 22. Nc1
f5 23. Nd3 h3 24. g3 fxe4 25. Rxe4 Rxf3 26. Nxe5 Rxa3 27. Nc6 Rxg3+ 28. hxg3 Qg5
29. Qe2 Qxg3+ 30. Kh1 Rf8 31. Ne7+ Kh7 32. Rg4 Rf2 0-1

[Event "29th Czech Open A 2018"]
[Site "Pardubice CZE"]
[Date "2018.07.20"]
[Round "1.61"]
[White "Horvath, Dominik"]
[Black "Sprenar, Petr"]
[Result "1/2-1/2"]
[WhiteTitle "IM"]
[WhiteElo "2429"]
[BlackElo "2192"]
[WhiteFideId "1642561"]
[BlackFideId "397164"]
[EventDate "2018.07.20"]

1. Nf3 d5 2. d4 e6 3. c4 Nf6 4. Nc3 Bb4 5. Bg5 h6 6. Bxf6 Qxf6 7. Qa4+ Nc6 8. e3
Bd7 9. Qb3 dxc4 10. Qxc4 O-O 11. Be2 Bd6 12. O-O e5 13. Ne4 Qe7 14. d5 Nd8 15.
Rac1 f5 16. Nxd6 cxd6 17. Qc7 Nf7 18. b3 Rab8 19. Qa5 a6 20. Rc7 Rfc8 21. Rfc1
Qd8 22. Nd2 b6 23. Qc3 b5 24. Bh5 Rxc7 25. Qxc7 Rc8 26. Bxf7+ Kxf7 27. Qxd8 Rxd8
28. b4 Rc8 29. Rxc8 Bxc8 30. f3 g5 31. g3 Kf6 32. e4 f4 33. Nb3 h5 34. Na5 1/2-1/2

[Event "29th Czech Open A 2018"]
[Site "Pardubice CZE"]
[Date "2018.07.20"]
[Round "1.62"]
[White "Ungurs, Edgars"]
[Black "Braeuer, Franz"]
[Result "0-1"]
[BlackTitle "IM"]
[WhiteElo "2191"]
[BlackElo "2426"]
[WhiteFideId "11601205"]
[BlackFideId "24634468"]
[EventDate "2018.07.20"]

1. d4 Nf6 2. Bg5 c5 3. Nc3 Qa5 4. Bxf6 gxf6 5. d5 f5 6. e3 Bg7 7. Ne2 d6 8. Qd2
Nd7 9. Nf4 Nb6 10. Bb5+ Kd8 11. Be2 Bd7 12. Nd1 Qxd2+ 13. Kxd2 c4 14. Nh5 Bh6
15. Nc3 Rc8 16. Rad1 Rc5 17. Kc1 Nc8 18. Bf3 b5 19. g3 a5 20. Ne2 Nb6 21. Rd4
Kc7 22. Rhd1 b4 23. Kb1 Bc8 24. Nef4 Rd8 25. Ne2 e6 26. c3 Bb7 27. cxb4 axb4 28.
Rc1 e5 29. Rh4 Bg5 30. Rh3 Rg8 31. Bh1 Bxd5 32. Bxd5 Rxd5 33. f4 Be7 34. fxe5
dxe5 35. b3 c3 36. a3 Rd2 37. Rc2 Rxc2 38. Kxc2 Rd8 39. Nc1 Rd2+ 40. Kb1 bxa3 0-1

[Event "29th Czech Open A 2018"]
[Site "Pardubice CZE"]
[Date "2018.07.20"]
[Round "1.63"]
[White "Kopylov, Michael"]
[Black "Gagliardi, Cristian"]
[Result "1-0"]
[WhiteTitle "IM"]
[WhiteElo "2426"]
[BlackElo "2190"]
[WhiteFideId "14105080"]
[BlackFideId "810665"]
[EventDate "2018.07.20"]

1. d4 g6 2. Nf3 Bg7 3. c4 c5 4. d5 d6 5. e4 Nf6 6. Nc3 O-O 7. h3 e6 8. Bd3 e5 9.
O-O a6 10. a3 h6 11. b4 Nbd7 12. Be3 Qc7 13. Rb1 Nh5 14. Re1 Nf4 15. Bf1 f5 16.
g3 Nh5 17. exf5 gxf5 18. Nh4 f4 19. Qxh5 fxe3 20. Rxe3 cxb4 21. axb4 a5 22. Nb5
Qb6 23. Nf5 Nf6 24. Nxh6+ Kh7 25. Bd3+ e4 26. Bxe4+ Kh8 27. Qh4 Nxe4 28. Nf5+
Kg8 29. Ne7+ Kf7 30. Qxe4 1-0

[Event "29th Czech Open A 2018"]
[Site "Pardubice CZE"]
[Date "2018.07.20"]
[Round "1.64"]
[White "Moravec, Vit"]
[Black "Bryzgalin, Kirill"]
[Result "1/2-1/2"]
[BlackTitle "GM"]
[WhiteElo "2189"]
[BlackElo "2424"]
[WhiteFideId "331481"]
[BlackFideId "4133285"]
[EventDate "2018.07.20"]

1. d4 Nf6 2. c4 e5 3. dxe5 Ng4 4. Nf3 Bc5 5. e3 Nc6 6. Be2 O-O 7. O-O Re8 8. b3
Ngxe5 9. Bb2 a5 10. Nc3 d6 11. Na4 Ba7 12. c5 d5 13. Rc1 Nxf3+ 14. Bxf3 Be6 15.
Qd2 Qg5 16. Rfd1 Rad8 17. e4 Qxd2 18. Rxd2 dxe4 19. Rxd8 Nxd8 20. Bxe4 Bd7 21.
Bf3 Bxa4 22. bxa4 Bxc5 23. g3 Bd6 24. Bd4 Ne6 25. Be3 b6 26. Bc6 Rd8 27. Bd5 Kf8
28. Bb3 Ke7 29. Kf1 Ba3 30. Rc2 Rd7 31. Ke2 Bb4 32. h4 h5 33. Kf3 g6 34. Ke2 Bd6
35. Rc1 Be5 36. Rc2 Ng7 37. Bg5+ f6 38. Be3 c5 39. Rc1 Bd4 40. Bf4 Ne6 41. Kf3
Be5 42. Be3 Rd6 43. Ke2 f5 44. Kf3 Bd4 45. Bg5+ Bf6 46. Be3 Kd7 47. Bc4 Bd4 48.
Bh6 Bb2 49. Rb1 Bc3 50. Be3 Ke7 51. Rb3 Bd4 52. Bh6 Kf6 53. Rb1 Bc3 54. Be3 Ke7
55. Rb3 Be5 56. Rb1 Bc3 1/2-1/2

[Event "29th Czech Open A 2018"]
[Site "Pardubice CZE"]
[Date "2018.07.20"]
[Round "1.65"]
[White "Zwardon, Vojtech"]
[Black "Volodin, Viktor"]
[Result "1-0"]
[WhiteTitle "IM"]
[BlackTitle "IM"]
[WhiteElo "2424"]
[BlackElo "2188"]
[WhiteFideId "325511"]
[BlackFideId "4108701"]
[EventDate "2018.07.20"]

1. c4 e6 2. Nc3 d5 3. d4 Nf6 4. cxd5 exd5 5. Bg5 c6 6. e3 Be7 7. Qc2 Bg4 8. Bd3
Nbd7 9. f3 Bh5 10. Nge2 Bg6 11. O-O Bxd3 12. Qxd3 O-O 13. Bh4 Re8 14. Rab1 a5
15. Rbd1 Nf8 16. h3 Ng6 17. Bf2 Bd6 18. e4 Nf4 19. Nxf4 Bxf4 20. e5 Nh5 21. Ne2
Bh6 22. g3 Qd7 23. Kg2 f5 24. g4 Nf4+ 25. Nxf4 Bxf4 26. Bg3 Bxg3 27. Kxg3 Rf8
28. f4 Rae8 29. Rde1 Re6 30. gxf5 Rh6 31. e6 Qe7 32. Kh2 g6 33. fxg6 hxg6 34.
Rg1 Qf6 35. f5 Kh8 36. e7 Re8 37. Re6 Qf7 38. Qe3 Rh5 39. Rexg6 1-0

[Event "29th Czech Open A 2018"]
[Site "Pardubice CZE"]
[Date "2018.07.20"]
[Round "1.66"]
[White "Simet, Martin"]
[Black "Matviishen, Viktor"]
[Result "0-1"]
[WhiteTitle "FM"]
[BlackTitle "IM"]
[WhiteElo "2182"]
[BlackElo "2423"]
[WhiteFideId "377244"]
[BlackFideId "14129850"]
[EventDate "2018.07.20"]

1. d4 Nf6 2. Bf4 e6 3. e3 c5 4. c3 Nc6 5. Nd2 d5 6. Ngf3 Bd6 7. Bg3 O-O 8. Bd3
b6 9. Qe2 Bb7 10. Rd1 h6 11. a3 Re8 12. Ne5 Qc7 13. f4 Ne7 14. Bh4 Ne4 15. Nxe4
dxe4 16. Bb5 Red8 17. Bxe7 Bxe7 18. Ba6 Bxa6 19. Qxa6 cxd4 20. cxd4 Qc2 21. Qe2
Rac8 22. Kf2 Rc7 23. Rd2 Qb3 24. Rhd1 Rdc8 25. Kg3 Bd6 26. Kh3 f6 27. Ng4 Bxf4
28. g3 Bg5 29. Kg2 f5 30. h4 Be7 31. Ne5 Bd6 32. Ng6 Rc2 33. Rxc2 Rxc2 34. Rd2
Rxd2 35. Qxd2 Qd3 36. Qf2 Qd1 37. Nf4 Qb3 38. Qd2 Qc4 39. Ne2 Qd3 40. Qxd3 exd3
41. Nc3 d2 42. h5 Kf7 43. Kf3 Kf6 44. e4 Kg5 45. e5 Bb8 46. Ke2 Kxh5 47. Kxd2 g5
48. Ke3 Kg4 49. Ne2 h5 0-1

[Event "29th Czech Open A 2018"]
[Site "Pardubice CZE"]
[Date "2018.07.20"]
[Round "1.67"]
[White "Haldorsen, Benjamin"]
[Black "Priyanka, Nutakki"]
[Result "1-0"]
[WhiteTitle "FM"]
[WhiteElo "2423"]
[BlackElo "2180"]
[WhiteFideId "1512633"]
[BlackFideId "25049615"]
[EventDate "2018.07.20"]

1. e4 e6 2. d4 d5 3. Nc3 Bb4 4. e5 c5 5. a3 Bxc3+ 6. bxc3 Ne7 7. Qg4 Qc7 8. Qxg7
Rg8 9. Qxh7 cxd4 10. Kd1 dxc3 11. Nf3 Nbc6 12. Ng5 Rf8 13. f4 Nd4 14. Bd3 Nec6
15. Qg7 Qe7 16. Nh7 Bd7 17. Qxf8+ Qxf8 18. Nxf8 Kxf8 19. Be3 Kg7 20. a4 Nf5 21.
Bf2 Nfe7 22. Ke2 b6 23. h4 Nb4 24. Rhb1 Nxd3 25. Kxd3 Rc8 26. a5 Ng6 27. g3 bxa5
28. Rxa5 1-0

[Event "29th Czech Open A 2018"]
[Site "Pardubice CZE"]
[Date "2018.07.20"]
[Round "1.68"]
[White "Nguyen, Alex Dac-Vuong"]
[Black "Vykouk, Jan"]
[Result "1/2-1/2"]
[BlackTitle "FM"]
[WhiteElo "2175"]
[BlackElo "2419"]
[WhiteFideId "12984388"]
[BlackFideId "349658"]
[EventDate "2018.07.20"]

1. e4 c5 2. Nf3 g6 3. d4 cxd4 4. Nxd4 Bg7 5. c4 Nc6 6. Nc2 Nf6 7. Nc3 O-O 8. Be2
d6 9. O-O b6 10. Be3 Bb7 11. Qd2 Rc8 12. f3 Qc7 13. Rac1 Qb8 14. b3 e6 15. Rfd1
Rfd8 16. Bg5 Rd7 17. Qf4 Ne8 18. Qe3 Nc7 19. Rd2 e5 20. Rcd1 Nd4 21. Qf2 Nce6
22. Be3 f5 23. exf5 Nxf5 24. Bd3 Nxe3 25. Qxe3 Bf6 26. Ne4 Bd8 27. Bf1 b5 28.
Kh1 Be7 29. Nb4 Nd4 30. Rxd4 exd4 31. Qxd4 Rf8 32. Nd5 Bxd5 33. Qxd5+ Kg7 34.
Nc5 dxc5 35. Qxd7 Qe5 36. Qd5 Qe3 37. Qd2 Qxd2 38. Rxd2 b4 39. Rd7 Kf6 40. Kg1 1/2-1/2

[Event "29th Czech Open A 2018"]
[Site "Pardubice CZE"]
[Date "2018.07.20"]
[Round "1.69"]
[White "Domogaev, Sergey"]
[Black "Debevec, Blaz"]
[Result "0-1"]
[WhiteTitle "GM"]
[WhiteElo "2414"]
[BlackElo "2169"]
[WhiteFideId "24103608"]
[BlackFideId "14605813"]
[EventDate "2018.07.20"]

1. d4 Nf6 2. c4 g6 3. Nc3 Bg7 4. e4 d6 5. Be2 O-O 6. Bg5 c5 7. dxc5 Qa5 8. Bd2
Qxc5 9. Nf3 Bg4 10. O-O a6 11. Be3 Qc7 12. Rc1 Nbd7 13. b3 Rac8 14. Qd2 Rfe8 15.
Rfd1 Qb8 16. a4 Nc5 17. Qc2 a5 18. h3 Bd7 19. Nd2 b6 20. Bf3 Bc6 21. Rb1 Na6 22.
Qd3 Nd7 23. Bd4 Nb4 0-1

[Event "29th Czech Open A 2018"]
[Site "Pardubice CZE"]
[Date "2018.07.20"]
[Round "1.70"]
[White "Lomakin, Viktor"]
[Black "Drnovsek, Gal"]
[Result "1/2-1/2"]
[BlackTitle "IM"]
[WhiteElo "2167"]
[BlackElo "2414"]
[WhiteFideId "14101920"]
[BlackFideId "14607077"]
[EventDate "2018.07.20"]

1. d4 Nf6 2. Nf3 d5 3. c4 e6 4. e3 b6 5. Bd3 Bb7 6. O-O Nbd7 7. Nc3 Bd6 8. b3
O-O 9. Bb2 a6 10. Rc1 Qe7 11. cxd5 exd5 12. Ne2 Ne4 13. Ng3 Nxg3 14. hxg3 Nf6
15. Ne5 c5 16. f4 Ne4 17. Bxe4 dxe4 18. Nc4 Bc7 19. dxc5 bxc5 20. Qc2 Rfd8 21.
Rfd1 Qe6 22. Rxd8+ Rxd8 23. Rd1 Rd5 24. Rxd5 Qxd5 25. Bc3 h5 26. Qd2 Qxd2 27.
Bxd2 Bd5 28. Bc3 Kf8 29. Kf2 g6 30. Bb2 Ke7 31. Ba3 Bxc4 32. bxc4 Kd6 33. Ke2
Bd8 34. Bb2 Ke6 35. Ba3 Be7 36. Kf2 Kf5 37. Bb2 Bd6 38. Kg1 Kg4 39. Kh2 Bc7 40.
Bf6 Ba5 41. Be7 Bb4 42. Bd6 f6 43. Kg1 g5 44. Kf2 Kf5 45. fxg5 fxg5 46. Ke2 Kg4
47. Be5 Ba5 48. Bd6 Bc3 49. Kf2 Bb4 50. Be5 1/2-1/2

[Event "29th Czech Open A 2018"]
[Site "Pardubice CZE"]
[Date "2018.07.20"]
[Round "1.71"]
[White "Erenberg, Ariel"]
[Black "Polyakov, Fedor"]
[Result "1-0"]
[WhiteTitle "IM"]
[WhiteElo "2413"]
[BlackElo "2165"]
[WhiteFideId "2811634"]
[BlackFideId "11602953"]
[EventDate "2018.07.20"]

1. d4 Nf6 2. c4 c5 3. d5 e6 4. Nc3 exd5 5. cxd5 d6 6. Nf3 g6 7. Bf4 Bg7 8. Qa4+
Bd7 9. Qb3 Qc7 10. e4 O-O 11. Nd2 Nh5 12. Be3 f5 13. exf5 gxf5 14. Be2 Be8 15.
Nf3 f4 16. Bd2 Qe7 17. O-O Bxc3 18. Bxc3 Qxe2 19. Qxb7 Bd7 20. Qxa8 Qa6 21. Rfe1
Nc6 22. dxc6 Bxc6 23. Qxf8+ Kxf8 24. Ng5 Qc8 25. f3 Qf5 26. Ne6+ Kg8 27. Rad1
Bd5 28. Nc7 Bxf3 29. gxf3 Qg5+ 30. Kf1 Qh4 31. Rd2 Ng3+ 32. hxg3 fxg3 33. Nd5
Qh3+ 34. Kg1 Kf8 35. Re7 Qf5 36. Bg7+ Kg8 1-0

[Event "29th Czech Open A 2018"]
[Site "Pardubice CZE"]
[Date "2018.07.20"]
[Round "1.73"]
[White "Fenil, Shah"]
[Black "Roenko, Artur"]
[Result "1/2-1/2"]
[WhiteTitle "IM"]
[WhiteElo "2411"]
[BlackElo "2162"]
[WhiteFideId "5019850"]
[BlackFideId "14136732"]
[EventDate "2018.07.20"]

1. d4 d5 2. Nc3 Nf6 3. Bf4 c5 4. e3 e6 5. Nb5 Na6 6. c3 Be7 7. Nf3 O-O 8. Be2
Ne4 9. a4 c4 10. b3 Bd7 11. Nd2 Bxb5 12. Nxe4 Bc6 13. Nd2 cxb3 14. Qxb3 Bd6 15.
O-O Bxf4 16. exf4 Qd6 17. g3 Nb8 18. Nf3 Nd7 19. Bd3 Nf6 20. Ne5 g6 21. Rfe1
Rac8 22. Re3 Rc7 23. g4 Rfc8 24. f5 exf5 25. gxf5 Be8 26. Rc1 Kg7 27. a5 Nh5 28.
Be2 Nf4 29. fxg6 Nxe2+ 30. Rxe2 hxg6 31. Re3 Bd7 32. Rg3 Bf5 33. Qb2 Qf6 34. Qd2
Qh4 35. Nf3 Qh5 36. Qe3 Be4 37. Nd2 Rh8 38. h3 Qf5 39. Re1 Bc2 40. Rf3 Qd7 41.
Qe5+ Kg8 42. Rfe3 Rc6 43. Qg3 Kg7 44. h4 Qc7 45. Rc1 Bf5 46. Re5 Be6 47. h5 Rxh5
48. Nf3 Rh3 49. Qg2 Rxc3 50. Rxc3 Qxc3 51. Rxe6 Qxf3 52. Qxf3 Rxf3 1/2-1/2

[Event "29th Czech Open A 2018"]
[Site "Pardubice CZE"]
[Date "2018.07.20"]
[Round "1.74"]
[White "Wong, Gengchun"]
[Black "Yankelevich, Lev"]
[Result "0-1"]
[BlackTitle "IM"]
[WhiteElo "2162"]
[BlackElo "2411"]
[WhiteFideId "12963283"]
[BlackFideId "24684074"]
[EventDate "2018.07.20"]

1. e4 e5 2. Nf3 Nc6 3. Bb5 a6 4. Bxc6 dxc6 5. O-O Bg4 6. h3 h5 7. d3 Qf6 8. Nbd2
g5 9. Nc4 Bxf3 10. Qxf3 Qxf3 11. gxf3 f6 12. h4 gxh4 13. Kg2 Bh6 14. Rh1 Bxc1
15. Raxc1 Ne7 16. Rxh4 Ng6 17. Rhh1 Nf4+ 18. Kf1 Kf7 19. Ne3 h4 20. Ng2 Ne6 21.
Ke2 h3 22. Ne1 Rag8 23. c3 Nf4+ 24. Ke3 h2 25. Nc2 Rg2 26. Rcf1 Rhg8 27. Re1 c5
28. d4 cxd4+ 29. cxd4 Rg1 0-1